Civil procedure with Limitation Act, 1963 : (Record no. 12258)
[ view plain ]
| 000 -LEADER | |
|---|---|
| fixed length control field | 01068nam a22004572 4500 |
| 001 - CONTROL NUMBER | |
| control field | 0000025077 |
| 003 - CONTROL NUMBER IDENTIFIER | |
| control field | |
| 005 - DATE AND TIME OF LATEST TRANSACTION | |
| control field | 20151217155237.0 |
| 008 - FIXED-LENGTH DATA ELEMENTS--GENERAL INFORMATION | |
| fixed length control field | 141030s xx 000 0 eng d |
| 010 ## - LIBRARY OF CONGRESS CONTROL NUMBER | |
| LC control number | |
| 020 ## - INTERNATIONAL STANDARD BOOK NUMBER | |
| International Standard Book Number | |
| Terms of availability | $ |
| 040 ## - CATALOGING SOURCE | |
| Original cataloging agency | Your Holding Symbol |
| Transcribing agency | Your Holding Symbol |
| 041 1# - LANGUAGE CODE | |
| Language code of text/sound track or separate title | |
| Language code of summary or abstract | |
| Language code of original | |
| 100 1# - MAIN ENTRY--PERSONAL NAME | |
| Personal name | Thakker, Justice C.K., |
| Dates associated with a name | |
| -- | 0000185475 |
| 240 1# - UNIFORM TITLE | |
| Uniform title | |
| 245 10 - TITLE STATEMENT | |
| Title | Civil procedure with Limitation Act, 1963 : |
| Remainder of title | |
| Statement of responsibility, etc. | |
| 246 3# - VARYING FORM OF TITLE | |
| Title proper/short title | |
| 250 ## - EDITION STATEMENT | |
| Edition statement | 7th ed. |
| 260 ## - PUBLICATION, DISTRIBUTION, ETC. (IMPRINT) | |
| Place of publication, distribution, etc. | Lucknow : |
| Name of publisher, distributor, etc. | Eastern Book Company, |
| Date of publication, distribution, etc. | 2013. |
| 300 ## - PHYSICAL DESCRIPTION | |
| Extent | 837 p. : |
| Other physical details | |
| Dimensions | cm. |
| 440 #0 - SERIES STATEMENT/ADDED ENTRY--TITLE | |
| Title | |
| 500 ## - GENERAL NOTE | |
| General note | |
| 504 ## - BIBLIOGRAPHY, ETC. NOTE | |
| Bibliography, etc | |
| 505 0# - FORMATTED CONTENTS NOTE | |
| Formatted contents note | |
| 520 ## - SUMMARY, ETC. | |
| Summary, etc. | |
| 521 2# - TARGET AUDIENCE NOTE | |
| Target audience note | |
| 590 ## - LOCAL NOTE (RLIN) | |
| Local note | |
| 591 ## - | |
| -- | |
| -- | |
| 600 10 - SUBJECT ADDED ENTRY--PERSONAL NAME | |
| Personal name | |
| Dates associated with a name | |
| 610 20 - SUBJECT ADDED ENTRY--CORPORATE NAME | |
| Corporate name or jurisdiction name as entry element | |
| Subordinate unit | |
| 650 #0 - SUBJECT ADDED ENTRY--TOPICAL TERM | |
| Topical term or geographic name as entry element | Civil procedure |
| General subdivision | |
| Geographic subdivision | India. |
| -- | 0000185476 |
| 650 #0 - SUBJECT ADDED ENTRY--TOPICAL TERM | |
| Topical term or geographic name as entry element | |
| General subdivision | |
| 651 #0 - SUBJECT ADDED ENTRY--GEOGRAPHIC NAME | |
| Geographic name | |
| General subdivision | |
| 690 ## - LOCAL SUBJECT ADDED ENTRY--TOPICAL TERM (OCLC, RLIN) | |
| Topical term or geographic name as entry element | |
| 700 10 - ADDED ENTRY--PERSONAL NAME | |
| Personal name | |
| Dates associated with a name | |
| 710 2# - ADDED ENTRY--CORPORATE NAME | |
| Corporate name or jurisdiction name as entry element | |
| Subordinate unit | |
| 740 02 - ADDED ENTRY--UNCONTROLLED RELATED/ANALYTICAL TITLE | |
| Uncontrolled related/analytical title | |
| 852 1# - LOCATION | |
| -- | p2827.50 KES |
| 852 1# - LOCATION | |
| -- | p2827.50 KES |
| 908 ## - PUT COMMAND PARAMETER (RLIN) | |
| Put command parameter | 141030 |
| Withdrawn status | Lost status | Source of classification or shelving scheme | Not for loan | Home library | Current library | Date acquired | Total Checkouts | Total Renewals | Full call number | Barcode | Date last seen | Date last checked out | Price effective from | Koha item type | Checked out |
|---|---|---|---|---|---|---|---|---|---|---|---|---|---|---|---|
| Library of Congress Classification | Kabarak, Main Campus | Kabarak, Main Campus | 17/12/2015 | 39 | 1 | KNS3570 .T54 2013 c. 4 | 017702 | 07/04/2026 | 18/03/2026 | 17/12/2015 | General Collection | ||||
| Library of Congress Classification | Kabarak, Main Campus | Kabarak, Main Campus | 17/12/2015 | 11 | KNS3570 .T54 2013 c. 2 | 017700 | 18/01/2022 | 18/01/2022 | 17/12/2015 | General Collection | 03/02/2022 |